Normal view
MARC view
- Qasmi , Ata ul Haq
Entry Personal Name
001 - CONTROL NUMBER
- control field: 110033
003 - CONTROL NUMBER IDENTIFIER
- control field: NUST
005 - DATE AND TIME OF LATEST TRANSACTION
- control field: 20230308191209.0
008 - FIXED-LENGTH DATA ELEMENTS
- fixed length control field: 230308|| aca||aabn | a|a d
040 ## - CATALOGING SOURCE
- Original cataloging agency: NUST
- Transcribing agency: NUST
100 ## - HEADING--PERSONAL NAME
- Personal name: Qasmi , Ata ul Haq
670 ## - SOURCE DATA FOUND
- Source citation: Work cat.: (NUST)187995: Qasmi , Ata ul Haq, Khand-e-Mukarrar / خندہ مکرر (Urdu) /, 1994
